000 00267nam a2200097Ia 4500
001 800850
005 20250826171026.0
008 250824s9999 xx 000 0 und d
245 0 _aAFACAN DOMBİLİ TENEFFÜS MAHVOLDU
_cJOHN SAZAKLIS
260 _bUĞUR BÖCEĞİ YAYINLARI
999 _c800850
_d800850